[Event "Luxembourg-chT 0001"]
[Site "Luxembourg"]
[Date "2000.10.08"]
[Round "1"]
[White "Philippy, Jean Marc"]
[Black "Leyder, Alphonse"]
[Result "1-0"]
[WhiteElo "1965"]
[BlackElo "1696"]
[PlyCount "37"]
[EventDate "2000.10.08"]
[EventType "team"]
[EventRounds "10"]
[EventCountry "LUX"]
[SourceTitle "EXT 2005"]
[Source "ChessBase"]
[SourceDate "2004.11.15"]
[SourceVersion "1"]
[SourceVersionDate "2004.11.15"]
[SourceQuality "1"]
[WhiteTeam "Belvaux"]
[BlackTeam "Perle I"]
[WhiteTeamCountry "LUX"]
[BlackTeamCountry "LUX"]

1. d4 d5 2. c4 e6 3. Nc3 dxc4 4. e4 Bb4 5. Bxc4 Nf6 6. Bg5 h6 7. Bxf6 Qxf6 8. Nge2 c6 9. 0-0 0-0 10. a3 Bxc3 11. bxc3 Rd8 12. Qc2 Nd7 13. Rad1 Rb8 14. f4 b6 15. e5 Qe7 16. f5 exf5 17. Rxf5 Rf8 18. Rdf1 Bb7 19. Rxf7 1-0

[Event "Luxembourg-ch"]
[Site "Luxembourg"]
[Date "1999.04.09"]
[Round "7"]
[White "Leyder, Alphonse"]
[Black "Steil, Raymond"]
[Result "1/2-1/2"]
[WhiteElo "1762"]
[BlackElo "1601"]
[PlyCount "44"]
[EventDate "1999.04.03"]
[EventType "swiss"]
[EventRounds "9"]
[EventCountry "LUX"]
[SourceTitle "EXT 2005"]
[Source "ChessBase"]
[SourceDate "2004.11.15"]
[SourceVersion "1"]
[SourceVersionDate "2004.11.15"]
[SourceQuality "1"]

1. d4 Nf6 2. Nf3 g6 3. b3 Bg7 4. Bb2 d6 5. g3 0-0 6. Bg2 c6 7. 0-0 Nbd7 8. c4 Qc7 9. e3 e5 10. dxe5 Nxe5 11. Nxe5 dxe5 12. Qe2 Re8 13. Nc3 Bd7 14. Rad1 Rad8 15. Rd2 Qc8 16. Rfd1 Kh8 17. Qd3 Bf8 18. Ne4 Nxe4 19. Bxe4 Kg8 20. Qc3 Qc7 21. Rd3 a5 22. R1d2 Bb4 1/2-1/2

[Event "Luxembourg-ch"]
[Site "Luxembourg"]
[Date "1999.04.03"]
[Round "1"]
[White "Leyder, Alphonse"]
[Black "Monaville, Guy"]
[Result "0-1"]
[WhiteElo "1762"]
[BlackElo "2186"]
[PlyCount "70"]
[EventDate "1999.04.03"]
[EventType "swiss"]
[EventRounds "9"]
[EventCountry "LUX"]
[SourceTitle "EXT 2005"]
[Source "ChessBase"]
[SourceDate "2004.11.15"]
[SourceVersion "1"]
[SourceVersionDate "2004.11.15"]
[SourceQuality "1"]

1. d4 Nf6 2. Nf3 d6 3. g3 Bg4 4. Bg2 c6 5. c4 Nbd7 6. 0-0 e5 7. dxe5 dxe5 8. Qb3 Qc7 9. Nc3 Nc5 10. Qc2 Be7 11. b3 0-0 12. Bb2 Rad8 13. Rad1 Bh5 14. Rd2 Bg6 15. Qc1 Rxd2 16. Nxd2 a5 17. Rd1 e4 18. Nf1 Re8 19. Ba3 h5 20. h4 Bf8 21. Bxc5 Bxc5 22. e3 Qe5 23. Qc2 Bb4 24. Ne2 Bf5 25. Nh2 Ng4 26. Nd4 Bc8 27. Nf1 f5 28. Ne2 g6 29. Nf4 Kg7 30. Rd4 Bc5 31. Rd2 Bb4 32. Rd4 Bc5 33. Rd2 Qf6 34. Qd1 Ne5 35. Qb1 Nf3+ 0-1